000 00643nac a22001811u 4500
020 _a9812542957
082 _a005.8
_bH7262
090 _c752
_d752
100 _aHolden, Greg
245 _aGuide To Network Defense And Counter Measures /
_cGreg Holden
250 _a(Special Indian Edition)
260 _aAustralia :
_bThomson Learning;
_c2004
300 _a527 p.
_bill. ;
_c24 cm.
500 _aIncludes index.
650 _aComputer networks
_xSecurity measures.
942 _cBB
_k005.8H7262
999 _c752
_d752